Statuettes égyptiennes : chaouabtis, ouchebtis /

محفوظ في:

المؤلف الرئيسي: Aubert, Jacques F.

مؤلفون آخرون: Aubert, Liliane.

التنسيق: كتاب

اللغة: French

منشور في: Paris : Librairie d'Amérique et d'Orient, 1974.

الموضوعات:

الوسوم: إضافة وسم

لا توجد وسوم, كن أول من يضع وسما على هذه التسجيلة!

رقم الطلب: DT62 .T6 A88 1974

LEADER 00709nam a22002177a 4500
003 OSt
005 20260105081038.0
008 260105t1974 fr abf b 00110 fre u
040 |c ARCE Library 
050 1 4 |a DT62 .T6  |b A88 1974 
100 1 |a Aubert, Jacques F. 
245 1 0 |a Statuettes égyptiennes :   |b chaouabtis, ouchebtis /   |c Jacques-F. Aubert, Liliane Aubert. 
264 1 |a Paris :   |b Librairie d'Amérique et d'Orient,   |c 1974. 
300 |a 341 p., [34] leaves of plates :   |b ill., maps ;   |c 25 cm. 
500 |a Gift from Dr. Rehab Assem May 2025. 
504 |a Bibliography: p. 299-319 and index. 
650 0 |a Ushabti. 
700 1 |a Aubert, Liliane. 
901 |a reviewed 
942 |2 lcc  |c BK 
999 |c 60961  |d 60961